000 00197 a2200097 4500
001 11668
100 _aAzam, S.M
245 _aQuaid Azam & Education
260 _a
_bNIHCR
_c
090 _c8978
_d8978
942 _aNUST-CAE
_cM
_c35797
999 _c246741
_d246741